Le motard | Le pool en eau (Record no. 6656)
[ view plain ]
| 010 ## - Numéro international normalisé du livre (ISBN) | |
|---|---|
| ISBN | 2911574451 |
| 100 ## - Données générales de traitement | |
| Données générales de traitement | 20010614d1994 k y0frey50 ba |
| 101 0# - Langue de la ressource | |
| Langue du texte, de la bande son, etc. | français |
| 102 ## - Pays de publication ou de production | |
| Pays de publication | France |
| 200 1# - Titre et mention de responsabilité | |
| Titre propre | Le motard | Le pool en eau |
| Indication générale du type de document | Livre |
| 214 ## - Mentions de production, publication, diffusion et manufacture | |
| Nom de l’éditeur | Edition Crater |
| Date de publication | 1994 |
| 215 ## - Description physique | |
| Nombre de pages | 101 p. |
| 225 0# - Collection | |
| Titre de la collection | Théâtre en coulisses |
| Numéro de collection | 1 |
| 700 #1 - Auteur principal | |
| Nom | Poudérou |
| Prénom | Robert |
| Dates | 1937-.... |
| 105 ## - Zone de données codées : textes, monographies | |
| Données codées sur les monographies textuelles | y z 000by |
| 181 ## - Zone de données codées : Forme de la ressource | |
| Données de liaison entre champs | z01 |
| Autre référentiel utilisé pour coder la forme du contenu | texte |
| Code du référentiel | rdacontent |
| 181 #1 - Zone de données codées : Forme de la ressource | |
| Données de liaison entre champs | z01 |
| Forme du contenu selon l’ISBD sous forme codée | i# |
| Qualificatif(s) du contenu selon l’ISBD sous forme codée | xxxe## |
| 182 ## - Zone de données codées : type de média | |
| Données de liaison entre champs | z01 |
| Autre référentiel utilisé pour coder le type de médiation | sans média |
| Code du référentiel | rdamedia |
| 182 #1 - Zone de données codées : type de média | |
| Données de liaison entre champs | z01 |
| Type de médiation selon l’ISBD sous forme codée | sans média |
| 210 ## - Publication, diffusion, etc. | |
| Lieu de publication, de diffusion, etc. | Paris |
| Nom de l'éditeur, du diffuseur, etc. | Ed. Crater |
| Date de publication, de diffusion, etc. | 1994 |
| Lieu de fabrication | Paris |
| Nom du fabricant | Impr. Pejout |
| 215 ## - Description physique | |
| Dimensions | 21 cm |
| 410 ## - Collection | |
| Identifiant de la notice bibliographique liée | 040345025 |
| 410 ## - Collection | |
| Titre de l'oeuvre | Théâtre en coulisses (Paris) |
| ISSN | 1260-0598 |
| Numéro de volume | 1 |
| 423 ## - Est publié avec | |
| Titre de l'oeuvre | Le pool en eau |
| 608 ## - Vedette de Forme, Genre ou Caractéristiques physiques | |
| Identifiant de la notice d'autorité | 027814157 |
| Élément d'entrée | Théâtre (genre littéraire) français |
| Identifiant de la notice d'autorité | 033466300 |
| Subdivision de sujet | 1990-2020 |
| Code du format utilisé | rameau |
| 700 #1 - Auteur principal | |
| Identifiant de la notice d'autorité | 027080587 |
| Code de fonction | Auteur |
| 801 #3 - Origine de la notice | |
| Pays | FR |
| Agence de catalogage | Abes |
| Date de la transaction | 20190521 |
| Règles de catalogage utilisées | AFNOR |
| 801 #3 - Origine de la notice | |
| Pays | FR |
| Agence de catalogage | SF |
| Date de la transaction | 20010622 |
| 000 -Etiquette de la notice | |
| Leader | 01073cam0a2200373 4500 |
| 003 - Identifiant de la notice | |
| Identifiant | http://www.sudoc.fr/05612225X |
| 005 - Identifiant de la version | |
| Identifiant | 20250730144459.0 |
| 035 ## - Identifiant de la notice dans un autre système | |
| Identifiant de la notice dans un autre système | (OCoLC)467599292 |
| 035 ## - Identifiant de la notice dans un autre système | |
| Identifiant de la notice dans un autre système | sib1783023 |
| Exclu du prêt | Date de création | Site actuel | Code barre | Date prix de remplacement | Numéro inventaire | Cote | Statut | Site de rattachement | Type de document Koha | Note publique /note de retour |
|---|---|---|---|---|---|---|---|---|---|---|
| 24.09.2023 | Théâtre Joliette | JOL-003547 | 24.09.2023 | u | TH POU | Théâtre Joliette | Livre | Exemplaire d'une notice fictive (à cataloguer manuellement) |